| 000 | 01102nam0a2200241 i 4500 | ||
|---|---|---|---|
| 001 | RU\NLR\bibl\1205208 | ||
| 005 | 20240726013259.0 | ||
| 035 | _a(NLR Aleph) 001191680 | ||
| 090 |
_a1721283 _c1721283 |
||
| 100 | _a20080326d2006 |||y0rusy50 ca | ||
| 101 | 0 | _arus | |
| 102 | _aRU | ||
| 105 | _ay dm ||||| | ||
| 200 | 1 |
_aСтарообрядчество в социокультурной системе современного мира _e(на примере Якутии) _eавтореф. дис. на соиск. учен. степ. канд. культуролог. наук _eспециальность 24.00.01 <теория и история культуры> _fРодикова Светлана Юрьевна _g[Моск. гос. ун-т культуры и искусств] |
|
| 210 |
_aМосква _d2006 |
||
| 215 |
_a24 с. _d21 |
||
| 320 | _aБиблиогр.: с. 24 (4 назв.) | ||
| 686 |
_a24.00.01 _2oksvnk |
||
| 700 | 1 |
_aРодикова _bС. Ю. _gСветлана Юрьевна |
|
| 801 | 0 |
_aRU _bNLR _c20080326 _gRCR |
|
| 801 | 1 |
_aRU _bNLR _c20080326 |
|
| 942 | _cBOOK | ||